000 00568nam a22001697a 4500
005 20231117061048.0
008 231117b |||||||| |||| 00| 0 eng d
020 _a0702108022
041 _aEnglish
082 _a343.9 BAM
100 _aBamford, BR
_lEnglish
245 _aCumulative Supplement to Second Edition of The Law of Shipping and Carriage in South Africa /
_cBR Bamford
260 _aCape Town :
_bJuta and Company Ltd,
_c1977
300 _biii, 35 pages ;
_c25,5 cm.
650 _aLegal practice
_bLaw
942 _cBK
_6ALISON_BN_VRIES
999 _c745
_d745